All 7 Letter Words that Begin With F - Statistics

General Stats
  • This quiz has been taken 15 times
  • The average score is 254 of 1491
Answer Stats
% Correct
fathers
92%
falling
83%
feaster
83%
feeling
83%
fellows
83%
fishing
83%
fisting
83%
flagger
83%
flaking
83%
follows
83%
factors
75%
failing
75%
fallers
75%
farming
75%
farther
75%
farting
75%
feelers
75%
felling
75%
ferrets
75%
fighter
75%
figures
75%
fillers
75%
filling
75%
filming
75%
finders
75%
fingers
75%
flaming
75%
flashed
75%
flasher
75%
flatter
75%
flicker
75%
flipper
75%
flogger
75%
floored
75%
flopper
75%
flosser
75%
flosses
75%
flusher
75%
founder
75%
franker
75%
frosted
75%
fudging
75%
fueller
75%
factory
67%
fairest
67%
fairies
67%
fairing
67%
fancier
67%
fancies
67%
fanning
67%
farmers
67%
fashion
67%
fasting
67%
faulted
67%
faulter
67%
fearing
67%
feasted
67%
feering
67%
felting
67%
fencing
67%
fifties
67%
filmers
67%
filters
67%
finding
67%
firring
67%
firstly
67%
fishers
67%
flacker
67%
flapper
67%
fleeted
67%
flexing
67%
flights
67%
floater
67%
flogged
67%
flooded
67%
flooder
67%
flopped
67%
flossed
67%
flowers
67%
flowing
67%
flushed
67%
foiling
67%
fooling
67%
forking
67%
forting
67%
framing
67%
franked
67%
freezer
67%
fresher
67%
friends
67%
frocked
67%
fruited
67%
fruiter
67%
funnier
67%
fussing
67%
fabling
58%
faction
58%
factual
58%
falters
58%
familia
58%
fancied
58%
fantasy
58%
fastens
58%
feature
58%
feeding
58%
fencers
58%
festers
58%
fetters
58%
fiddled
58%
fiddler
58%
finally
58%
fitting
58%
flagged
58%
flamers
58%
flanker
58%
flapped
58%
flatten
58%
fleeter
58%
fleshed
58%
flighty
58%
flipped
58%
flitter
58%
floated
58%
floorer
58%
fluffed
58%
fluffer
58%
flushes
58%
flutter
58%
folding
58%
foodies
58%
footing
58%
forcing
58%
foreign
58%
forming
58%
forties
58%
fouling
58%
founded
58%
fracked
58%
framers
58%
frankly
58%
freaked
58%
freezes
58%
freight
58%
froster
58%
frowned
58%
frowner
58%
fudgers
58%
fueling
58%
fullers
58%
funders
58%
funding
58%
funnies
58%
furrier
58%
fadding
50%
fainter
50%
fallows
50%
falsify
50%
fatally
50%
fattens
50%
fatting
50%
fellers
50%
females
50%
fevered
50%
fiddles
50%
figured
50%
figurer
50%
fillets
50%
finning
50%
firings
50%
fishier
50%
fitters
50%
flakers
50%
flakier
50%
flanked
50%
flaring
50%
flashes
50%
flavors
50%
flavour
50%
flawing
50%
flaying
50%
fleeing
50%
flesher
50%
fleshes
50%
fleying
50%
flicked
50%
flinger
50%
flocked
50%
florals
50%
flounce
50%
floured
50%
fluting
50%
flyings
50%
foggier
50%
folders
50%
fondler
50%
foolers
50%
footers
50%
forests
50%
forgets
50%
forging
50%
forgone
50%
formals
50%
fowlers
50%
fowling
50%
frappes
50%
fraying
50%
freckle
50%
freshes
50%
frights
50%
fullest
50%
funnels
50%
funning
50%
furling
50%
furries
50%
futures
50%
facings
42%
faculty
42%
failure
42%
fainted
42%
falsing
42%
fanatic
42%
fandoms
42%
fanners
42%
farrier
42%
fattest
42%
favored
42%
favours
42%
fawning
42%
feather
42%
felines
42%
fenders
42%
fending
42%
fervent
42%
festive
42%
fibbing
42%
fifteen
42%
figging
42%
finales
42%
finesse
42%
finners
42%
Finnish
42%
firming
42%
fiscals
42%
fissure
42%
fistful
42%
fixings
42%
fixture
42%
flacked
42%
flailed
42%
flanges
42%
flannel
42%
flasker
42%
flecker
42%
fleeced
42%
fleecer
42%
flubbed
42%
fluemen
42%
fluidly
42%
flunked
42%
flunker
42%
fluster
42%
foaming
42%
foisted
42%
follies
42%
fondled
42%
fondles
42%
foolish
42%
forcers
42%
fording
42%
foreman
42%
foremen
42%
forgers
42%
forgive
42%
forgoer
42%
forkers
42%
formers
42%
fortune
42%
fosters
42%
frazzle
42%
freedom
42%
freeing
42%
freshen
42%
frisked
42%
frisker
42%
fritter
42%
frogger
42%
fronter
42%
fulling
42%
fumbles
42%
funkier
42%
fussier
42%
fuzzier
42%
fallacy
33%
fallout
33%
falsies
33%
fangled
33%
fateful
33%
fathoms
33%
faucets
33%
favorer
33%
feeders
33%
feigned
33%
feigner
33%
fennels
33%
ferment
33%
fertile
33%
fessing
33%
fetting
33%
fettler
33%
fibbers
33%
fickler
33%
fidgets
33%
figment
33%
fillies
33%
filmier
33%
finches
33%
fission
33%
flaccid
33%
flagons
33%
flasked
33%
flatted
33%
flaunts
33%
flecked
33%
fledged
33%
fledges
33%
fleeces
33%
flirted
33%
flirter
33%
florist
33%
flouter
33%
flowery
33%
flummer
33%
flummox
33%
flunkie
33%
fluxing
33%
fobbing
33%
fodders
33%
foggers
33%
fogging
33%
fondues
33%
footies
33%
forgave
33%
foulest
33%
fourths
33%
foxings
33%
fragile
33%
frailer
33%
frantic
33%
Frenchy
33%
fretter
33%
frilled
33%
fringed
33%
fringes
33%
frogged
33%
fronted
33%
fuddles
33%
fumbler
33%
further
33%
fussers
33%
fuzzing
33%
fablers
25%
facades
25%
faceted
25%
facials
25%
factoid
25%
faeries
25%
faffing
25%
fairway
25%
faither
25%
falcons
25%
falsely
25%
famines
25%
fangier
25%
fangles
25%
fantast
25%
faraway
25%
farcing
25%
farrows
25%
fascism
25%
fastest
25%
fatness
25%
fattier
25%
fawners
25%
fearers
25%
fearful
25%
fecally
25%
federal
25%
feinted
25%
felters
25%
femoral
25%
ferrite
25%
ferrous
25%
fervors
25%
fetched
25%
fetcher
25%
fettled
25%
fettles
25%
fetuses
25%
fibrous
25%
fiction
25%
fielder
25%
fiercer
25%
fiestas
25%
figural
25%
filings
25%
finance
25%
fingery
25%
finking
25%
fireman
25%
firemen
25%
fishery
25%
fitness
25%
fixated
25%
fixates
25%
fizzier
25%
fizzled
25%
fizzles
25%
flanged
25%
flanger
25%
flanned
25%
flexors
25%
flitted
25%
flouncy
25%
flouted
25%
flutist
25%
foaling
25%
foamers
25%
foamier
25%
foister
25%
foliage
25%
folkies
25%
fondest
25%
fonding
25%
footles
25%
forager
25%
forages
25%
forceps
25%
forfeit
25%
forgery
25%
formant
25%
formate
25%
fortify
25%
fossils
25%
fractal
25%
fratted
25%
freshly
25%
fretted
25%
fridges
25%
fringer
25%
fritted
25%
frogman
25%
frogmen
25%
frolics
25%
frontal
25%
fuddled
25%
fuddler
25%
fuelers
25%
fulfill
25%
fumbled
25%
funkers
25%
funking
25%
furlong
25%
furnace
25%
furnish
25%
furring
25%
furtive
25%
fusions
25%
fustier
25%
fabrics
17%
faddles
17%
fadging
17%
faintly
17%
faithed
17%
falsest
17%
farcers
17%
fardels
17%
farding
17%
farmery
17%
fascias
17%
fascist
17%
fatigue
17%
feebler
17%
fermium
17%
fernier
17%
ferries
17%
fervour
17%
fescues
17%
festoon
17%
fetches
17%
fetlock
17%
feuding
17%
fiancee
17%
fiascos
17%
fibered
17%
fibulas
17%
fidging
17%
fiefdom
17%
fielded
17%
fiendly
17%
filmset
17%
finials
17%
finites
17%
finlets
17%
finnier
17%
firebox
17%
firedog
17%
firefly
17%
firkins
17%
fishman
17%
fishmen
17%
fishnet
17%
fistula
17%
fizzing
17%
flakily
17%
flambed
17%
flambes
17%
flammed
17%
flanken
17%
flannen
17%
flarers
17%
flavory
17%
fleabag
17%
fleapit
17%
fleetly
17%
Flemish
17%
floozie
17%
floreat
17%
florets
17%
flotter
17%
flukier
17%
flumped
17%
fluters
17%
fluxers
17%
flyboys
17%
flyways
17%
focuses
17%
foghorn
17%
foliate
17%
foments
17%
foraged
17%
forayed
17%
forbade
17%
forbear
17%
forbids
17%
foresee
17%
forkful
17%
forlorn
17%
formula
17%
forsake
17%
forward
17%
forwarn
17%
foundry
17%
foxhole
17%
foxiest
17%
fracted
17%
frailty
17%
frammed
17%
francos
17%
frapped
17%
fraught
17%
freeway
17%
fretful
17%
fridged
17%
frigged
17%
friskin
17%
frisson
17%
frizzed
17%
frizzer
17%
frizzes
17%
frizzle
17%
fronded
17%
frothed
17%
frother
17%
fuehrer
17%
fuelled
17%
fuggier
17%
fugging
17%
funfair
17%
funnest
17%
furious
17%
furlers
17%
fabular
8%
faconne
8%
factier
8%
facture
8%
faddier
8%
faddist
8%
faitour
8%
fajitas
8%
falafel
8%
falbala
8%
falcate
8%
falcial
8%
falcula
8%
falloff
8%
famulus
8%
fancify
8%
fancily
8%
fanegas
8%
fanfare
8%
fanfold
8%
fangirl
8%
fannies
8%
fantail
8%
fantasm
8%
fantods
8%
fantoms
8%
fanweed
8%
fanwise
8%
fanwort
8%
fanzine
8%
fapping
8%
faraday
8%
faradic
8%
farceur
8%
farcied
8%
farcies
8%
fareway
8%
farfels
8%
faroles
8%
farrago
8%
fartlek
8%
fascine
8%
fashing
8%
fatidic
8%
fatless
8%
fatling
8%
fatties
8%
fatuity
8%
fatuous
8%
faucals
8%
favelas
8%
favella
8%
favicon
8%
feazing
8%
febrile
8%
feddans
8%
FedExed
8%
fedoras
8%
feedlot
8%
feeless
8%
feijoas
8%
felafel
8%
Felicia
8%
fellate
8%
fellies
8%
felloes
8%
felonry
8%
felsite
8%
feltier
8%
felucca
8%
felwort
8%
femboys
8%
fenagle
8%
fenings
8%
fenster
8%
feodary
8%
feoffee
8%
ferbams
8%
fermata
8%
ferrers
8%
ferried
8%
ferrier
8%
ferrule
8%
ferrums
8%
ferulas
8%
festine
8%
Festuca
8%
fetials
8%
feudist
8%
fewness
8%
fiances
8%
fibbery
8%
fibrils
8%
fibrins
8%
fibroid
8%
fibroin
8%
fictile
8%
ficuses
8%
fiddley
8%
fidgety
8%
fierier
8%
fifthly
8%
figgier
8%
figwort
8%
Fijians
8%
filasse
8%
filched
8%
filches
8%
filiate
8%
fimbles
8%
finable
8%
finalis
8%
finback
8%
finfish
8%
finfoot
8%
finical
8%
finises
8%
finless
8%
finmark
8%
fiorins
8%
firebug
8%
firepit
8%
firmest
8%
fishgig
8%
fissury
8%
fitched
8%
fitches
8%
fitchew
8%
fitment
8%
fixable
8%
fixator
8%
fizgigs
8%
fizzers
8%
flagman
8%
flagmen
8%
flasket
8%
flatbed
8%
flatcap
8%
flatcar
8%
flatlet
8%
flaunty
8%
flautas
8%
flawier
8%
flaxier
8%
fleches
8%
fleered
8%
flegged
8%
Fleming
8%
fleshen
8%
fleshly
8%
fleuron
8%
flexier
8%
flexile
8%
flexion
8%
flexure
8%
fligged
8%
florins
8%
floruit
8%
florula
8%
fluence
8%
fluency
8%
flugels
8%
flunkey
8%
flurred
8%
fluvial
8%
flyaway
8%
flyback
8%
flyleaf
8%
flypast
8%
flytrap
8%
foamily
8%
focally
8%
focused
8%
focuser
8%
fogbows
8%
fogdogs
8%
foggily
8%
fogless
8%
folates
8%
foldout
8%
folkish
8%
Fontana
8%
foolery
8%
footage
8%
footboy
8%
footler
8%
footman
8%
footmen
8%
foppish
8%
forayer
8%
forbode
8%
foredge
8%
foredid
8%
foresaw
8%
foresay
8%
foreset
8%
foresey
8%
foresty
8%
forever
8%
forgoes
8%
forkier
8%
forkman
8%
forkmen
8%
formats
8%
formist
8%
fortins
8%
fossick
8%
foxtrot
8%
Fractur
8%
fragged
8%
fragger
8%
frasses
8%
fraters
8%
frazing
8%
frecken
8%
freckly
8%
freeman
8%
freemen
8%
freesia
8%
frenemy
8%
freshet
8%
friable
8%
fribble
8%
Fridays
8%
friezes
8%
frigate
8%
friggle
8%
fripper
8%
frontes
8%
froshes
8%
frumple
8%
fuckboy
8%
fuckery
8%
fugling
8%
fuhrers
8%
fulcrum
8%
fulmars
8%
fulness
8%
fulsome
8%
funeral
8%
funkily
8%
furless
8%
furores
8%
furrows
8%
fustian
8%
fustily
8%
fusting
8%
fabella
0%
Fabiana
0%
Fabians
0%
fabliau
0%
Fabraea
0%
fabulae
0%
facebow
0%
faceman
0%
facemen
0%
faciest
0%
facones
0%
factice
0%
factrix
0%
factums
0%
faculae
0%
faddish
0%
faddism
0%
fadedly
0%
fadiest
0%
Fagales
0%
Fagelia
0%
faggery
0%
fagines
0%
fagoter
0%
fagotte
0%
fagotti
0%
fagotto
0%
fahlerz
0%
fahlore
0%
faience
0%
faiking
0%
failles
0%
fainest
0%
faipule
0%
fairily
0%
fairish
0%
falanga
0%
Falcata
0%
faldage
0%
Falisci
0%
falsary
0%
falsity
0%
falsums
0%
Fameuse
0%
famosed
0%
famoses
0%
fanback
0%
fanboys
0%
Fanconi
0%
fanfics
0%
fanions
0%
fanlike
0%
fanteeg
0%
fanwork
0%
farcist
0%
fardest
0%
farfals
0%
farfara
0%
farinas
0%
farines
0%
farinha
0%
farleus
0%
farleys
0%
farmost
0%
farness
0%
Faroese
0%
farrand
0%
farrant
0%
farrash
0%
farruca
0%
farsagh
0%
farsakh
0%
farsang
0%
farside
0%
farsing
0%
fascets
0%
fasciae
0%
fascial
0%
fashery
0%
fasolas
0%
fastish
0%
fatback
0%
fatberg
0%
fatbird
0%
fatcake
0%
fathead
0%
fatihah
0%
fatihas
0%
Fatimid
0%
fatists
0%
fatlike
0%
fatsias
0%
fatsoes
0%
fattily
0%
fattish
0%
fatuoid
0%
fatwood
0%
faucial
0%
faujdar
0%
faunist
0%
faunula
0%
faunule
0%
fausens
0%
Faustus
0%
fautors
0%
fautrix
0%
fauvism
0%
fauvist
0%
faveoli
0%
favilla
0%
favisms
0%
favrile
0%
favuses
0%
fawnier
0%
fayence
0%
Fayumic
0%
fazenda
0%
Fechner
0%
fecials
0%
feckets
0%
feckful
0%
feculae
0%
fedarie
0%
fedayee
0%
FedExes
0%
feedbox
0%
feedway
0%
feetage
0%
Fehling
0%
felibre
0%
Felidae
0%
fellage
0%
Fellata
0%
fellens
0%
fellest
0%
Fellups
0%
felspar
0%
feltman
0%
feltmen
0%
femcees
0%
feminal
0%
feminie
0%
femoris
0%
fenchol
0%
Fenians
0%
fenigow
0%
feninga
0%
fenland
0%
fennecs
0%
feoffed
0%
feoffer
0%
feoffor
0%
Feralia
0%
ferials
0%
Feringi
0%
ferking
0%
ferlies
0%
ferling
0%
fermail
0%
fermion
0%
fernent
0%
fernery
0%
ferrash
0%
ferrate
0%
ferrety
0%
ferrian
0%
ferroan
0%
ferules
0%
festino
0%
fetalis
0%
fetidly
0%
fetlows
0%
feudums
0%
feuille
0%
Feulgen
0%
feyness
0%
feyther
0%
Fezzani
0%
fiacres
0%
fiadors
0%
fiaschi
0%
fibrate
0%
fibroma
0%
fibrosa
0%
fibrose
0%
fibster
0%
fibulae
0%
fibular
0%
Ficaria
0%
Ficidae
0%
ficoids
0%
fictive
0%
fidated
0%
fidates
0%
fidawis
0%
fideism
0%
fideist
0%
fidibus
0%
fidleys
0%
fiducia
0%
fielden
0%
fiercen
0%
fierily
0%
filabeg
0%
filagos
0%
Filanis
0%
filaree
0%
filaria
0%
filarid
0%
filbert
0%
filibeg
0%
filical
0%
Filices
0%
filicin
0%
filipin
0%
fillips
0%
filmdom
0%
filmily
0%
filmize
0%
filopod
0%
fimbria
0%
finagle
0%
finetop
0%
fingent
0%
Fingoes
0%
finicks
0%
finicky
0%
finlike
0%
finnage
0%
finnick
0%
finnock
0%
finnocs
0%
finstas
0%
fintech
0%
fiorite
0%
fipples
0%
Firbolg
0%
firearm
0%
firebed
0%
firelit
0%
firepot
0%
fireset
0%
firetop
0%
firking
0%
firlots
0%
firmans
0%
fisetin
0%
fishbed
0%
fishify
0%
fishily
0%
fishway
0%
fissile
0%
fissive
0%
fissled
0%
fissles
0%
fissura
0%
fistled
0%
fistles
0%
fitchee
0%
fitchet
0%
fitroot
0%
fittest
0%
fitweed
0%
fixatif
0%
fixedly
0%
fixures
0%
fjorded
0%
flabels
0%
Flacian
0%
flacons
0%
flaffed
0%
flaffer
0%
flaiths
0%
flamant
0%
flamens
0%
flanche
0%
flandan
0%
flaneur
0%
flasers
0%
flasque
0%
flatite
0%
flattie
0%
flattop
0%
flaucht
0%
flaught
0%
flaunch
0%
flavedo
0%
Flavian
0%
flavine
0%
flavins
0%
flavone
0%
flavous
0%
flebile
0%
flector
0%
fleerer
0%
flehmen
0%
flensed
0%
flenser
0%
flenses
0%
flether
0%
fletton
0%
fleuret
0%
fleurty
0%
flewits
0%
flexive
0%
fliffis
0%
fliffus
0%
flimmer
0%
flimped
0%
flirded
0%
flisked
0%
fliting
0%
flivver
0%
flobbed
0%
flocced
0%
floccus
0%
flodges
0%
flokati
0%
flokite
0%
florule
0%
flossas
0%
flotage
0%
flotant
0%
flotsam
0%
flowage
0%
flowoff
0%
fluates
0%
fluavil
0%
flubdub
0%
flueman
0%
fluible
0%
fluidal
0%
fluidic
0%
flukish
0%
flulike
0%
Fluorol
0%
flusker
0%
Flustra
0%
flutier
0%
fluxile
0%
fluxion
0%
fluxive
0%
flyable
0%
flybane
0%
flybelt
0%
flybies
0%
flyblew
0%
flyblow
0%
flyboat
0%
flyflap
0%
flyless
0%
flyness
0%
flyover
0%
flyping
0%
flytier
0%
flytime
0%
flyting
0%
flywire
0%
Foamite
0%
fodient
0%
foeless
0%
foenuss
0%
foetors
0%
fogbank
0%
foggage
0%
foggara
0%
fogones
0%
fograms
0%
fogrums
0%
fogyish
0%
fogyism
0%
foibles
0%
foining
0%
foisons
0%
folacin
0%
foldage
0%
folioed
0%
foliole
0%
foliose
0%
foliots
0%
folkway
0%
follyer
0%
fomites
0%
fondant
0%
fondish
0%
fondouk
0%
fonduks
0%
fonduta
0%
fontina
0%
fooster
0%
footbag
0%
footbed
0%
foothot
0%
footled
0%
footlog
0%
footpad
0%
footsie
0%
footway
0%
foozled
0%
foozler
0%
foozles
0%
fopling
0%
foppery
0%
foppier
0%
fopping
0%
foramen
0%
forbore
0%
forcats
0%
forcene
0%
forcive
0%
Fordism
0%
fordize
0%
fordoes
0%
fordone
0%
Fordyce
0%
forearm
0%
forebay
0%
foregut
0%
foreguy
0%
forelay
0%
foreleg
0%
forepaw
0%
foreran
0%
forerun
0%
foretop
0%
forfend
0%
forints
0%
forlana
0%
forlane
0%
formful
0%
formism
0%
formule
0%
Formvar
0%
formyls
0%
fornent
0%
forpets
0%
forpine
0%
forpits
0%
forrard
0%
forrels
0%
forslow
0%
forsook
0%
fortlet
0%
FORTRAN
0%
forwent
0%
forworn
0%
forzato
0%
fossate
0%
fossors
0%
fossula
0%
fotched
0%
fotches
0%
fothers
0%
fouette
0%
fougade
0%
fougere
0%
foughty
0%
foujdar
0%
foulard
0%
foulder
0%
foumart
0%
fourbes
0%
fourble
0%
fourgon
0%
fouters
0%
foutras
0%
foveate
0%
foveola
0%
foveole
0%
fowlpox
0%
foxbane
0%
foxfeet
0%
foxfish
0%
foxhunt
0%
foxtail
0%
foyaite
0%
foziest
0%
fraenum
0%
frailly
0%
fraises
0%
Fraktur
0%
frameae
0%
frammit
0%
Francic
0%
franion
0%
frapled
0%
frapler
0%
fraples
0%
fratchy
0%
fratery
0%
fraucht
0%
fraxins
0%
frayned
0%
fraynes
0%
frazers
0%
frazils
0%
freamed
0%
freaths
0%
freebee
0%
freebie
0%
freegan
0%
freezee
0%
Fregean
0%
freijos
0%
fremdly
0%
frenate
0%
Frenton
0%
frenula
0%
frenums
0%
frescos
0%
fresnos
0%
fretize
0%
fretsaw
0%
friarly
0%
frijole
0%
friscal
0%
frisees
0%
friseur
0%
Frisian
0%
frisket
0%
frisons
0%
frisses
0%
frisure
0%
friszka
0%
fritzes
0%
frivols
0%
frizers
0%
frizzen
0%
frizzly
0%
froeman
0%
froemen
0%
frogbit
0%
frogeye
0%
froglet
0%
froises
0%
Frommel
0%
frontad
0%
frontis
0%
fronton
0%
frotton
0%
frounce
0%
frousts
0%
froward
0%
frowers
0%
frowsts
0%
frowsty
0%
frowzes
0%
frowzly
0%
fructed
0%
frumety
0%
frushes
0%
frustum
0%
fubared
0%
Fucales
0%
fuchsia
0%
fuchsin
0%
fucoids
0%
fucosan
0%
fucoses
0%
fucused
0%
fucuses
0%
Fuegian
0%
fuffing
0%
fuffled
0%
fuffles
0%
fugally
0%
Fugaras
0%
fugatos
0%
fugazis
0%
fugazys
0%
fuglier
0%
fuguing
0%
fuguist
0%
fuidhir
0%
Fuirena
0%
Fulanis
0%
fulcral
0%
fulfils
0%
fulgent
0%
fulgide
0%
Fulgora
0%
fulgors
0%
fulgour
0%
fulhams
0%
fulking
0%
fulmine
0%
Fulnios
0%
fulvene
0%
fulvous
0%
fulyies
0%
fulzies
0%
fumaria
0%
fumaryl
0%
fumiest
0%
fumulus
0%
Funaria
0%
functor
0%
funduck
0%
funfest
0%
fungate
0%
fungian
0%
fungids
0%
fungoes
0%
fungoid
0%
fungose
0%
fungous
0%
funicle
0%
funises
0%
funkias
0%
funkyer
0%
funnily
0%
funorin
0%
funoris
0%
Funplex
0%
funster
0%
furanes
0%
furbish
0%
furcate
0%
furcula
0%
furdled
0%
furdles
0%
furiant
0%
furioso
0%
furison
0%
furlana
0%
Furlans
0%
furmety
0%
furmity
0%
furnage
0%
furoate
0%
furoles
0%
furrowy
0%
fursona
0%
furzier
0%
fusains
0%
fusaria
0%
fuscous
0%
fuseaux
0%
fushion
0%
fusible
0%
fusilli
0%
fusilly
0%
fusites
0%
fussily
0%
fussock
0%
fusspot
0%
fustets
0%
fustics
0%
fustins
0%
fustled
0%
fustles
0%
fusulae
0%
fusulas
0%
fusumas
0%
futchel
0%
futhark
0%
futhorc
0%
futhork
0%
futtock
0%
Futunan
0%
futzing
0%
fuzzily
0%
fylfots
0%
No matching quizzes found
Score Distribution
Percent of People with Each Score
Percentile by Number Answered
Your Score History
You have not taken this quiz